|
|
|
|
| LEADER |
00000cam a2200000 c 4500 |
| 001 |
1074989384 |
| 003 |
DE-627 |
| 005 |
20251224215242.0 |
| 007 |
tu |
| 008 |
850101s1975 xx ||||| 00| ||eng c |
| 035 |
|
|
|a (DE-627)1074989384
|
| 035 |
|
|
|a (DE-576)004989384
|
| 035 |
|
|
|a (DE-599)BSZ004989384
|
| 035 |
|
|
|a (OCoLC)02035304
|
| 035 |
|
|
|a (DE-604)8057581029
|
| 040 |
|
|
|a DE-627
|b ger
|c DE-627
|e rakwb
|
| 041 |
|
|
|a eng
|
| 082 |
0 |
|
|a 301.15
|
| 084 |
|
|
|a MR 7400
|2 rvk
|0 (DE-625)rvk/123542:
|
| 100 |
1 |
|
|a Watkins, Cecil K.
|0 (DE-627)1233485849
|0 (DE-576)163485844
|4 aut
|
| 109 |
|
|
|a Watkins, Cecil K.
|a Watkins, C. Ken
|a Watkins, Cecil Ken
|
| 245 |
1 |
0 |
|a Social control
|c Cecil K. Watkins
|
| 264 |
|
1 |
|a London
|b Longman
|c 1975
|
| 300 |
|
|
|a 154 S.
|
| 336 |
|
|
|a Text
|b txt
|2 rdacontent
|
| 337 |
|
|
|a ohne Hilfsmittel zu benutzen
|b n
|2 rdamedia
|
| 338 |
|
|
|a Band
|b nc
|2 rdacarrier
|
| 490 |
0 |
|
|a Aspects of modern sociology
|
| 689 |
0 |
0 |
|d s
|0 (DE-588)4055719-4
|0 (DE-627)106157027
|0 (DE-576)209115106
|a Soziale Kontrolle
|2 gnd
|
| 689 |
0 |
|
|5 (DE-627)
|
| 936 |
r |
v |
|a MR 7400
|b Soziale Kontrolle
|k Soziologie
|k Sozialwissenschaftliche Theorien und Methoden
|k Kulturelle Ansätze
|k Soziale Kontrolle
|0 (DE-627)1271305046
|0 (DE-625)rvk/123542:
|0 (DE-576)201305046
|
| 951 |
|
|
|a BO
|
| ELC |
|
|
|b 1
|
| LOK |
|
|
|0 000 xxxxxcx a22 zn 4500
|
| LOK |
|
|
|0 001 2037785151
|
| LOK |
|
|
|0 003 DE-627
|
| LOK |
|
|
|0 004 1074989384
|
| LOK |
|
|
|0 005 20020606000000
|
| LOK |
|
|
|0 008 910531||||||||||||||||ger|||||||
|
| LOK |
|
|
|0 040
|a DE-21
|c DE-627
|d DE-21
|
| LOK |
|
|
|0 852
|a DE-21
|
| LOK |
|
|
|0 852 1
|c KB 5 A 997
|9 00
|
| LOK |
|
|
|0 935
|a krim
|
| LOK |
|
|
|0 936ln
|a k7.4.2.2.1
|
| LOK |
|
|
|0 939
|a 31-05-91
|b l01
|
| ORI |
|
|
|a SA-MARC-krimdoka001.raw
|
| SIG |
|
|
|a UB: KB 5 A 997
|